| 000 | 00439nam a22001697a 4500 | ||
|---|---|---|---|
| 003 | MPLRDC | ||
| 005 | 20220104174731.0 | ||
| 008 | 210129b ||||| |||| 00| 0 eng d | ||
| 020 | _a967-951-015-8 | ||
| 082 | _a524.9562 HONG v.1 1987 | ||
| 100 | _aENG NGUAN HONG | ||
| 245 |
_aBUKU ANALISA KIMIA (FIZIKAL) JILID 1 STPM _c |
||
| 260 |
_a _bPENERBITAN PELANGI _c1987 |
||
| 300 | _b平 | ||
| 650 | _a | ||
| 942 |
_cBK _o524.9562 HONG v.1 1987 |
||
| 999 |
_c60005 _d59995 |
||